Ze Špalíčku text Fr. Hrubín ; Sedum trubačů : (lidová poezie) : 2-3 hlasé dětské sbory bez doprovodu /

Hlavní autor: Lukáš, Zdeněk, 1928-2007
Další autoři: Hrubín, František, 1910-1971
Jazyk: Čeština
Vydáno: Praha : Panton, 1976
Vydání: 2. vyd.
Edice: Archiv dětských sborů
Témata:
Fyzický popis: 21 s.
Hudebniny Hudebniny
Uloženo v:
LEADER 01106ncm a22002772a 4500
001 000588746
003 CZ BrMZK
005 20120606094411.0
007 qu
008 020227s1976 xr f cze d
040 |a BOA001  |b cze 
072 7 |a 784  |x Vokální hudba  |2 Konspekt  |9 9 
100 1 |a Lukáš, Zdeněk,  |d 1928-2007  |7 jn19981001776  |4 cmp 
245 1 0 |a Ze Špalíčku  |h [hudebnina] :  |b text Fr. Hrubín ; Sedum trubačů : (lidová poezie) : 2-3 hlasé dětské sbory bez doprovodu /  |c Zdeněk Lukáš 
250 |a 2. vyd. 
260 |a Praha :  |b Panton,  |c 1976 
300 |a 21 s. 
490 1 |a Archiv dětských sborů 
700 1 |a Hrubín, František,  |d 1910-1971  |7 jk01042920  |4 lyr 
740 0 2 |a Sedum trubačů 
830 0 |a Archiv dětských sborů 
910 |a BOA001  |b PK-N-0016.629-76  |b Mus4-0729.332-76 
964 |a Písně sborové dětské bez doprovodu -sbírky 
990 |a MU 
996 7 |b 2619089771  |c Mus4-0729.332-76  |l MZK  |r Sklad / do 1 hodiny  |n 1  |w 000588746  |u 000020  |a 1  |e BOA001  |j MZK50  |s A 
996 7 |b 3119654770  |c PK-N-0016.629-76  |l MZK  |r Sklad / do 1 hodiny  |n 3  |w 000588746  |u 000010  |a 1  |e BOA001  |j MZK50  |s A